000 00595nam a22002057a 4500
003 OSt
005 20240408114539.0
008 160830b xxu||||| |||| 00| 0 eng d
020 _a1558608281
040 _cDDC.
082 _a384.55 MOD 2004
100 _aCiciora, Walter; David Large
_916947
245 _aModern Cable Television Technology Video, Voice, and Data Communications
250 _a2nd ed.
260 _bMorgan Kaufmann
_c2004
300 _axxxviii,1053p;
_bill;
_c25cm.
504 _aincludes glossary and index.
650 _aData communication.
_910947
942 _2ddc
_cO_SHELF
999 _c5111
_d5111